| 000 -LEADER |
| fixed length control field |
00299nam a2200109Ia 4500 |
| 008 - FIXED-LENGTH DATA ELEMENTS--GENERAL INFORMATION |
| fixed length control field |
200302s9999 xx 000 0 und d |
| 100 ## - MAIN ENTRY--PERSONAL NAME |
| Personal name |
Martin David Dubin A.I.A |
| 245 ## - TITLE STATEMENT |
| Title |
Architectural Supervision of Modern Buildings |
| 260 ## - PUBLICATION, DISTRIBUTION, ETC. |
| Name of publisher, distributor, etc. |
Reinhold Publishing Corporation |
| 260 ## - PUBLICATION, DISTRIBUTION, ETC. |
| Date of publication, distribution, etc. |
1963 |
| 300 ## - PHYSICAL DESCRIPTION |
| Extent |
304 P., |